000 00253nam a2200097 a 4500
005 20200930070753.0
008 110923s2004 000 spa d
245 0 _aActs of congress proclamations decisions.
260 _a[s.l.],
_c[s.f.].
999 _c33587
_d33587
040 _aDO-SdBNP